ChampionsLeague Sieger - Statistiken

Allgemein
  • Dieses Quiz wurde 316 mal gespielt
    109 seit der letzten Aktualisierung
  • Das Durchschnittsergebnis liegt bei 9 aus 21
Answers on the Grid
Answers color-coded by a green-red scale on the quiz's grid according to % correct below.
Inter Miami
Racing Strasbourg
Ajax Amsterdam
PSG
Real Madrid
BVB
Sporting Lissabon
Juventus
Manchester City
Manchester United
Liverpool
Arsenal
Celtic Glasgow
Schalke 04
Tottenham
Chelsea
Atletico Madrid
Barcelona
Napoli
Inter Milan
Benfica Lissabon
F.C. Porto
A.C. Milan
AS Rom
HSV
Vfb Stuttgart
Bayern München
Borrusia-Mönchen Gladbach
Aston Villa
Lazio Rom
Galatasaray
Grüner Stern Belgrad
Steaua Bukarest
Villareal
Nottingham Forest
PSV Eindhoven
 
Antwortstatistiken
Antwort % Korrekt
PSG
89%
Real Madrid
83%
BVB
75%
Ajax Amsterdam
72%
Juventus
56%
Manchester City
56%
Barcelona
47%
Bayern München
44%
Chelsea
44%
Liverpool
44%
Manchester United
44%
HSV
42%
Inter Milan
39%
A.C. Milan
36%
F.C. Porto
33%
Benfica Lissabon
28%
Aston Villa
25%
Celtic Glasgow
22%
Nottingham Forest
22%
PSV Eindhoven
19%
Steaua Bukarest
17%
Keine übereinstimmenden Quizze gefunden
Verteilung der Resultate
Anzahl Personen mit jedem Resultat
Perzentil nach korrekt beantworteten Fragen
Ihre Resultats-Entwicklung
Sie haben dieses Quiz seit der letzten Aktualisierung nicht gespielt